000 00437nam a2200157 a 4500
005 20140310183323.0
008 060302s19uu xx 00 eng d
020 _a0425161986
050 _aPS 3553.O692
_b.C38 1997
100 _aCornwell, Patricia
245 _aCause of death /
_cPatricia Cornwell.
260 _aNew York :
_bThe Berkley Publishing Group,
_c1997.
300 _a356 p. :
_c17 cm.
942 _cBK
_2lcc
999 _c21450
_d21450